000 00759nam a2200277Ia 4500
003 OSt
005 20221006153240.0
006 a|||||r|||| 00| 0
007 ta
008 221006b |||||||| |||| 00| 0 kor d
020 _a9788955612875
_cW 12,800
024 _a31,757
037 _bGift, Korean Embassy
_cTextual
040 _aEASL
_cEASL
_bkor
041 _2kor
_akor
082 _aKZ542, P5
100 _aKWEON Yoon-Joo Au.
_9663105
245 0 _aTo cats
_b Koyangi-ege
260 _aSeoul
_bPada Publishers Korea
_c2005
300 _a179p.
_ccm.
490 _v KL
650 _a KL
650 _aStudy of cats
_9663106
942 _hKZ542, P5
_cTEXL
_2CC
999 _c1099843
_d1099843